000 00664nam a2200217Ia 4500
003 OSt
005 20220925204358.0
006 a|||||r|||| 00| 0
007 ta
008 220923b |||||||| |||| 00| 0 eng d
037 _cGeneral Book
040 _aRTL
_cRTL
_beng
041 _2eng
_aeng
082 _aX7sn1, G5.1
110 _aUN, Economic Intelligence Service
_9268324
245 0 _aPublic finance, 1928-1935
_b Preface and general explanatory note
260 _aGeneva
_bUnited Nations Publication
_c1936
700 _aUN, Economic Intelligence Service
_9268325
942 _hX7sn1, G5.1
_cGB
_2CC
999 _c549275
_d549275